000 00336nam a2200121Ia 4500
005 20260328104257.0
008 260328s9999||||xx |||||||||||||| ||und||
100 _aMartín Juez, Fernando
245 0 _aEn el Lugar de la Bifurcación /
_cFernando Martín Juez
260 _bCIDI
650 _aDISEÑO INDUSTRIAL - ELEMENTOS
942 _cBK
999 _c10469
_d10469